<?xml version="1.0" encoding="UTF-8"?><?xml-stylesheet type="text/xsl" href="static/style.xsl"?><OAI-PMH xmlns="http://www.openarchives.org/OAI/2.0/" xmlns:xsi="http://www.w3.org/2001/XMLSchema-instance" xsi:schemaLocation="http://www.openarchives.org/OAI/2.0/ http://www.openarchives.org/OAI/2.0/OAI-PMH.xsd"><responseDate>2026-06-05T21:43:05Z</responseDate><request verb="GetRecord" identifier="oai:riuma.uma.es:10630/36573" metadataPrefix="marc">https://riuma.uma.es/rest/oai/request</request><GetRecord><record><header><identifier>oai:riuma.uma.es:10630/36573</identifier><datestamp>2026-02-03T11:27:37Z</datestamp><setSpec>com_10630_2254</setSpec><setSpec>col_10630_37953</setSpec></header><metadata><record xmlns="http://www.loc.gov/MARC21/slim" xmlns:dcterms="http://purl.org/dc/terms/" xmlns:doc="http://www.lyncode.com/xoai" xmlns:xsi="http://www.w3.org/2001/XMLSchema-instance" xsi:schemaLocation="http://www.loc.gov/MARC21/slim http://www.loc.gov/standards/marcxml/schema/MARC21slim.xsd">
   <leader>00925njm 22002777a 4500</leader>
   <datafield ind2=" " ind1=" " tag="042">
      <subfield code="a">dc</subfield>
   </datafield>
   <datafield ind2=" " ind1=" " tag="720">
      <subfield code="a">Ríos-Rodríguez, María Luisa</subfield>
      <subfield code="e">author</subfield>
   </datafield>
   <datafield ind2=" " ind1=" " tag="720">
      <subfield code="a">Rosales, Christian</subfield>
      <subfield code="e">author</subfield>
   </datafield>
   <datafield ind2=" " ind1=" " tag="720">
      <subfield code="a">Hernández, Bernardo</subfield>
      <subfield code="e">author</subfield>
   </datafield>
   <datafield ind2=" " ind1=" " tag="720">
      <subfield code="a">Lorenzo, Maryurena</subfield>
      <subfield code="e">author</subfield>
   </datafield>
   <datafield ind2=" " ind1=" " tag="260">
      <subfield code="c">2024</subfield>
   </datafield>
   <datafield ind2=" " ind1=" " tag="520">
      <subfield code="a">Introduction: Exposure to natural environments, such as parks, forests, and green areas, is often linked to a decrease in stress, anxiety and depression, while contributing to improved emotional wellbeing. However, the relationship between exposure to nature and emotions, and in particular, with emotional regulation, is an evolving aspect of research with no clear conclusions. In this context, the environmental self-regulation hypothesis, suggests that people consciously or unconsciously use their physical environment to regulate their emotions.&#xd;
Method: To analyze the evidence of the relationship between contact with nature and emotional regulation, we conducted this review. Using the PRISMA statement as a reference, we conducted keyword searches in five databases in the period between 2013 and 2023. The databases selected were Scopus, Web of Science (WoS), PubMed, PsycINFO and ScienceDirect.&#xd;
Results: In addition, a manual search was carried out of journals in the research field. Initially, from which gray literature, reviews and duplicates were removed in a first step. The resulting articles were then filtered using their titles and abstracts. Subsequently, the abstracts of the 25 selected articles were reviewed and discussed by researchers to reach a final decision based on consensus about the adequacy of each paper. Finally, nine articles were included in the systematic review.&#xd;
Discussion: In general terms, this review suggests that research on the relationship between contact with nature and emotional regulation provides valuable insights into how natural environments can contribute to the emotional wellbeing and physical and mental health of the population.</subfield>
   </datafield>
   <datafield ind1="8" ind2=" " tag="024">
      <subfield code="a">Ríos-Rodríguez, M. L., Rosales, C., Hernández, B., &amp; Lorenzo, M. (2024). Benefits for emotional regulation of contact with nature: a systematic review. Frontiers in Psychology, 15, 1402885.</subfield>
   </datafield>
   <datafield ind1="8" ind2=" " tag="024">
      <subfield code="a">https://hdl.handle.net/10630/36573</subfield>
   </datafield>
   <datafield ind1="8" ind2=" " tag="024">
      <subfield code="a">10.3389/fpsyg.2024.1402885</subfield>
   </datafield>
   <datafield tag="653" ind2=" " ind1=" ">
      <subfield code="a">Naturaleza - Aspectos psicológicos</subfield>
   </datafield>
   <datafield ind2="0" ind1="0" tag="245">
      <subfield code="a">Benefits for emotional regulation of contact with nature: a systematic review</subfield>
   </datafield>
</record>
</metadata></record></GetRecord></OAI-PMH>